000 00538nam a2200181Ia 4500
003 OSt
005 20260324124820.0
008 190216s9999||||xx |||||||||||||| ||und||
020 _a9788126408542
040 _coclc
082 _a869.342
_bCOE/V
100 1 _aCoelho, Paulo
_95599
245 0 _aVeronica Marikkan Theerumanikkunnu = Veronika Decides To Die /
_cPaulo Coelho
260 _bDc Books,
_aKottayam:
_c2007.
300 _a190p
650 _aMalayalam
942 _cBK
_2ddc
_h869.342
_iCOE/V
_k869.342
_mCOE/V
999 _c29148
_d29148